00237nam a2200085Ia 450000100070000000500170000700800410002424500760006526000100014164237520250826153525.0250824s9999 xx 000 0 und d 0aIşın Çağı Çocukları Gökkuş Diz cGülten Dayıoğlu bALTIN